5 Scenes, 1 Actor X Quiz Stats

 Plays Quiz Updated May 31, 2019

Score 0/22 Timer 07:00
1 Play Today
% Correct
Bruce Willis
94.6%
Daniel Radcliffe
83%
Joaquin Phoenix
79%
Daniel Craig
77%
Chris Pine
74.3%
Al Pacino
71.9%
Ralph Fiennes
69.6%
Emily Blunt
68.5%
Sean Penn
66.9%
Brie Larson
62.2%
Mickey Rourke
57.5%
% Correct
Bryan Cranston
56.5%
Chloƫ Grace Moretz
53%
Michael Fassbender
52.5%
Elizabeth Banks
52.3%
Helen Mirren
51.7%
Nicholas Hoult
44.1%
Steve Coogan
44.1%
Lupita Nyong'o
43.4%
Sam Rockwell
41.8%
Mark Strong
41.6%
Oscar Isaac
37.4%

You're not logged in!

Compare scores with friends on all Sporcle quizzes.
OR
Log In

Sporcle TV

Today on Sporcle TV


Watch our educational content, quiz creation guides, and fun videos on Sporcle TV.

Show Comments

Extras

Top Quizzes Today


Score Distribution

Your Account Isn't Verified!

In order to create a playlist on Sporcle, you need to verify the email address you used during registration. Go to your Sporcle Settings to finish the process.

Report this User

Report this user for behavior that violates our Community Guidelines.

Details: